| 000 | 00664nam a2200217 a 4500 | ||
|---|---|---|---|
| 001 | 000020856 | ||
| 005 | 20200930011158.0 | ||
| 008 | 100818s1977 mx 000 0 spa d | ||
| 040 |
_aDO-SdBNP _bspa _cBNPHU |
||
| 082 |
_a184 _bP718d, 1977 |
||
| 100 | 1 |
_aPlatón, _d427 a. C- 347 a. C. _935666 |
|
| 245 | 1 | 0 |
_aDiálogos socráticos / _cPlatón ; estudio preliminar Ángel Vassallo. |
| 250 | _a10a ed. | ||
| 260 |
_aMéxico : _bCumbre, _c1977. |
||
| 300 |
_axxxv, 1-379, [1] p. ; _c21 cm. |
||
| 490 | 1 | _aLos clásicos | |
| 650 | 4 |
_aFilosofía antigua _91215 |
|
| 650 | 4 |
_aPlatonismo _933574 |
|
| 700 | 1 |
_aVassallo, Ángel, _943721 |
|
| 830 | 0 |
_aLos clásicos _943697 |
|
| 999 |
_c20359 _d20359 |
||